000 01052cab a22002175a 4500
001 L145056
008 080903s2008 xxk s 000 0 eng d
035 _a(Sirsi) u145056
041 0 _aeng
100 1 _aBader, Elana
245 0 0 _aEuropean hotel industry performance 2007
260 _c2008
490 _aJournal of Retail and Leisure Property
_v7(3) 2008, 179-185(7)
520 _aLooks at two core annual publications. HSV's european hotel valuation index survey findings show that European hotel values grew for a fourth consecutive year (2.6%, compared to the 2006 figure of 9%). The HSV european hotel transaction review looks at an increase in portfolio transactions and the effects of the global economic downturn and displays a market where growth is slowing as it seeks to weather the credit crunch.
590 _aKA
651 4 _aEurope
690 _aPROPERTY-RESIDENTIAL PROPERTY-COMMUNAL RESIDENTIAL PROPERTY-COMMUNAL RESIDENTIAL FACILITIES-HOTELS
700 1 _aBalekjian, Cristina
700 1 _aGeieregger, Elke
942 _n0
999 _c80691
_d80691